| 000 | 01791nam a22002537a 4500 | ||
|---|---|---|---|
| 003 | Uzh_bibl | ||
| 008 | 260429b |||||||| |||| 00| 0 ukr d | ||
| 020 |
_a5-333-00248-7 _c1.60 |
||
| 040 | _aукр. | ||
| 041 |
_2ukr _aukr |
||
| 080 | _a821(477) | ||
| 090 |
_a821(477) _bМ 93 |
||
| 100 | _aМушкетик, Юрій | ||
| 245 |
_aСелена _hТекст |
||
| 260 |
_aКиїв _bРадянський письменник _c1989 |
||
| 300 |
_a364 с _fВ опр. |
||
| 520 | _a«Селена» -- цікава, захоплююча книга відомого українського письменника, лауреата Державної премії ССРСР і Державної премії УРСР імені Т. Г. Шевченка Юрія Мушкетика. Центральною в книзі є проблема людської моралі, питання духовного становлення людей як у давноминулі час, так і в сучасності. На яскравих колоритних постатях з різних періодів історії автор простежує, як проходила боротьба зі злом, утверджувалась віра у високі суспільні ідеали | ||
| 521 | _aДля широкого кола читачів | ||
| 546 | _aукр. | ||
| 650 |
_aЛітературно-художнє видання _yРізні історичні періоди; від давніх часів до сучасності автора (ХХ століття) _zУкраїна |
||
| 653 |
_aМораль _aДуховність _aІсторія _aДобро _aБоротьба |
||
| 655 | _vПовісті та оповідання | ||
| 942 |
_2udc _cBK |
||
| 999 |
_c17563 _d17563 |
||